| 000 | 01091nam a22003137a 4500 | ||
|---|---|---|---|
| 003 | CHAP | ||
| 005 | 20220329135733.0 | ||
| 008 | 971013s1965 r 00010 d | ||
| 010 | _a41304 | ||
| 011 | _a42276 | ||
| 035 | _a46404 | ||
| 040 | _cCHAP | ||
| 082 |
_a333.0972 _bE54 |
||
| 100 | 0 | 0 |
_aEnjalbert, Henri. _936994 |
| 245 | _aRéforme agraire et production agricole au Mexique (1910-1965) | ||
| 260 |
_aParis : _bCentre National de la Recherche Scientifique, _c1965 |
||
| 300 | _a51 p. mapas | ||
| 500 | _a"Les problemes agraires des Amériques Latines" colloque international de Paris, 1965 | ||
| 590 |
_aBATCH-UPD _b10 _c20130110 _lUCH01 _h0136 |
||
| 590 |
_aBATCH-UPD _b10 _c20130110 _lUCH01 _h1648 |
||
| 590 |
_aBATCH-UPD _b10 _c20130410 _lUCH01 _h1038 |
||
| 590 |
_aBATCH-UPD _b10 _c20130914 _lUCH01 _h1308 |
||
| 590 |
_aCONVERSION _b10 _c20130109 _lUCH01 _h1323 |
||
| 650 | 1 | 4 |
_aAgricultura _xAspectos economicos _zMexico. _91312 |
| 650 | 1 | 4 |
_aReforma agraria _zMéxico. _995596 |
| 901 | _aBK | ||
| 942 | _cLIBRO | ||
| 949 |
_a333.0972 E54 _bBC _cLIBRO _d33724000323796 _eLIBRO _i46404 _si |
||
| 999 |
_c41304 _d41304 |
||